[Event "KNSB TCh-NED 2007-8"]
[Site "Netherlands NED"]
[Date "2007.11.24"]
[Round "4"]
[White "Cuijpers,F"]
[Black "Seirawan,Y"]
[Result "1/2-1/2"]
[WhiteElo "2485"]
[BlackElo "2634"]

1.e4 c6 2.d4 d5 3.Nc3 dxe4 4.Nxe4 Bf5 5.Ng3 Bg6 6.h4 h6 7.Nf3 Nd7 8.h5 Bh7
9.Bd3 Bxd3 10.Qxd3 e6 11.Bf4 Bb4+ 12.c3 Be7 13.O-O-O Ngf6 14.Kb1 O-O 15.Ne5 Nxe5
16.dxe5 Qxd3+ 17.Rxd3 Nd5 18.Bd2 Rad8  1/2-1/2

[Event "KNSB TCh-NED 2007-8"]
[Site "Netherlands NED"]
[Date "2008.02.09"]
[Round "6"]
[White "Seirawan,Y"]
[Black "Leenhouts,K"]
[Result "1-0"]
[WhiteElo "2628"]
[BlackElo "2394"]

1.d4 Nf6 2.c4 g6 3.Nc3 Bg7 4.e4 d6 5.Bd3 O-O 6.Nge2 Na6 7.O-O c5 8.d5 e6
9.h3 Nd7 10.f4 exd5 11.exd5 f5 12.Be3 Nc7 13.Qd2 Nf6 14.Bf2 Qe7 15.Rae1 Qf7
16.Kh1 Bd7 17.Ng1 Nh5 18.Be2 Nf6 19.Nf3 Bh6 20.Ng5 Qg7 21.Bf3 Rfe8 22.a4 Rxe1
23.Rxe1 Re8 24.Nb5 Nxb5 25.axb5 Bxg5 26.fxg5 Ne4 27.Bxe4 fxe4 28.Be3 Rf8
29.Bf4 e3 30.Qxe3 Re8 31.Qc1 Rxe1+ 32.Qxe1 Qd4 33.Bxd6 Qxc4 34.Qe7 Qf1+ 35.Kh2 Qf7
36.Qd8+ Qe8 37.Qf6 Qf7 38.Qd8+ Qe8 39.Qc7 Qc8 40.Qa5 Be8 41.Bg3 Qd7 42.d6 Qxb5
43.Qe1 Qd7 44.Qe5 Bf7 45.Qxc5 b6 46.Qd4 Be8 47.Be1 Qg7 48.Qe4 Qf7 49.Bc3 Bd7
50.Qa8+ Qf8 51.Qd5+ Qf7 52.Qe5 Kf8 53.Kg1 Be6 54.Qh8+ Qg8 55.Qf6+ Qf7 56.Qd8+ Qe8
57.Bg7+  1-0

[Event "TCh-NED 2008-9"]
[Site "Netherlands NED"]
[Date "2009.04.18"]
[Round "8"]
[White "Seirawan,Y"]
[Black "Ris,R"]
[Result "1-0"]
[WhiteElo "2634"]
[BlackElo "2415"]

1.d4 d5 2.c4 c6 3.Nc3 Nf6 4.e3 g6 5.Nf3 Bg7 6.Bd3 O-O 7.O-O Bg4 8.h3 Bxf3
9.Qxf3 e6 10.Rd1 Nbd7 11.Bf1 Re8 12.Qe2 a6 13.Qc2 Qe7 14.Bd2 b5 15.b3 Rec8
16.Rac1 e5 17.dxe5 Nxe5 18.cxd5 cxd5 19.Qb1 Nc6 20.Be1 Qe5 21.Qd3 Ne7 22.Ne2 Ne4
23.Nd4 Nc5 24.Qd2 Ne6 25.Nxe6 Qxe6 26.a4 Rxc1 27.Rxc1 d4 28.axb5 axb5 29.exd4 Qxb3
30.Qb4 Qxb4 31.Bxb4 Nf5 32.d5 Rd8 33.Bxb5 Bb2 34.Rb1 Rb8 35.Rxb2 Rxb5 36.Bc3 Rxb2
37.Bxb2 Kf8 38.Kf1 Ke7 39.Ba3+ Kf6 40.g4 Nh4 41.f4 Nf3 42.Bb4 g5 43.Kf2 Nh4
44.f5  1-0

[Event "TCh-NED 2009-10"]
[Site "Netherlands NED"]
[Date "2009.09.26"]
[Round "1"]
[White "Seirawan,Y"]
[Black "Siebrecht,S"]
[Result "1-0"]
[WhiteElo "2646"]
[BlackElo "2456"]

1.c4 e5 2.g3 Nf6 3.Bg2 c6 4.d4 Bb4+ 5.Bd2 Bxd2+ 6.Qxd2 d6 7.Nc3 O-O 8.Nf3 e4
9.Ng5 d5 10.cxd5 cxd5 11.O-O Re8 12.e3 Nc6 13.f3 h6 14.Nh3 exf3 15.Rxf3 Ne4
16.Nxe4 dxe4 17.Rf2 Qd6 18.Nf4 Bg4 19.Rc1 Rac8 20.Rc5 b6 21.Rd5 Qb4 22.h3 Bf3
23.Rd7 Qb5 24.Rd5 Qa4 25.b3 Qa3 26.Bxf3 exf3 27.Nd3 Qe7 28.Rxf3 g6 29.Nf2 Qe6
30.e4 Rcd8 31.Ng4 f5 32.exf5 Qe1+ 33.Qxe1 Rxe1+ 34.Kf2 Rxd5 35.Nf6+ Kg7 36.Nxd5 Rd1
37.Rc3 Rxd4 38.Rxc6 Rxd5 39.Rxg6+ Kh7 40.g4 Rd2+ 41.Kg3 Rxa2 42.Rc6 Ra3 43.Rc7+ Kg8
44.Kh4 Rxb3 45.Kh5  1-0

[Event "TCh-NED"]
[Site "Netherlands NED"]
[Date "2011.04.09"]
[Round "8.4"]
[White "Seirawan,Y"]
[Black "Van Kerkhof,D"]
[Result "1-0"]
[WhiteElo "2638"]
[BlackElo "2235"]

1.c4 e5 2.Nc3 Nf6 3.Nf3 Nc6 4.g3 Nd4 5.Nxe5 Qe7 6.f4 d6 7.Nd3 Bf5 8.Kf2 h5
9.h3 Ne4+ 10.Nxe4 Bxe4 11.Rg1 h4 12.g4 Qf6 13.e3 Nf3 14.Bg2 Nxg1 15.Bxe4 Nxh3+
16.Kg2 d5 17.Qa4+ Kd8 18.Bf5 c6 19.Qa5+ b6 20.Qa6 Kc7 21.cxd5 g6 22.Be4 Bd6
23.dxc6 Rhb8 24.Kxh3 g5 25.Qb5 gxf4 26.Qf5 Qxf5 27.Bxf5 Re8 28.e4 f3 29.e5 Bxe5
30.Nxe5 Rxe5 31.d4 Re2 32.d5 Kd6 33.Bf4+ Kxd5 34.c7 f2 35.Rd1+ Kc6 36.Rc1+ Kb5
37.Bd3+  1-0

[Event "ch-USA GpB"]
[Site "Saint Louis USA"]
[Date "2011.04.15"]
[Round "1"]
[White "Seirawan,Y"]
[Black "Kaidanov,G"]
[Result "1/2-1/2"]
[WhiteElo "2636"]
[BlackElo "2569"]

1.c4 e6 2.Nf3 d5 3.b3 Nf6 4.g3 c5 5.Bg2 Nc6 6.O-O Be7 7.e3 e5 8.cxd5 Nxd5
9.Bb2 Bf6 10.Qc1 Ndb4 11.Ne1 Be7 12.a3 Nd5 13.Nc3 Nc7 14.Na4 Ne6 15.Qc2 Bd7
16.Nd3 Rc8 17.Naxc5 Nxc5 18.Nxc5 Nb8 19.b4 b6 20.Bxe5 O-O 21.Bxb8 bxc5 22.Bxa7 cxb4
23.Qd3 bxa3 24.Bd4 Be6 25.Rfc1 Qd7 26.Be4 f5 27.Bf3 Rfd8 28.Qa6 Rxc1+ 29.Rxc1 Bd5
30.Bxd5+ Qxd5 31.Qa7 Rd7 32.Rc7 Rxc7 33.Qxc7 Bf8 34.Qa7 Qb3 35.Bc3 a2 36.Kg2 Qc4
37.h3 h6 38.Qa5 Qe6 39.f3 Be7 40.Qa8+ Kf7 41.e4 Qc4 42.Kf2  1/2-1/2

[Event "ch-USA GpB"]
[Site "Saint Louis USA"]
[Date "2011.04.17"]
[Round "3"]
[White "Seirawan,Y"]
[Black "Shabalov,A"]
[Result "1/2-1/2"]
[WhiteElo "2636"]
[BlackElo "2590"]

1.c4 e5 2.Nc3 Nf6 3.Nf3 Nc6 4.g3 Bc5 5.Bg2 d6 6.O-O a6 7.e3 O-O 8.d4 Ba7
9.dxe5 dxe5 10.Qxd8 Rxd8 11.b3 h6 12.h3 Bf5 13.Ba3 e4 14.Nh2 Rd3 15.Rfc1 Re8
16.Bf1 Rd7 17.g4 Bg6 18.Rd1 Ne5 19.Rxd7 Nexd7 20.Rd1 c6 21.Bg2 Ne5 22.Nf1 b5
23.Ng3 bxc4 24.Ngxe4 Nxe4 25.Nxe4 cxb3 26.axb3 Nxg4 27.hxg4 Bxe4 28.Rd7 Bxg2
29.Kxg2 Ra8 30.Rb7 Bb8 31.f4 g5 32.Kf3 gxf4 33.exf4 Ba7 34.Bd6  1/2-1/2

[Event "ch-USA GpB"]
[Site "Saint Louis USA"]
[Date "2011.04.19"]
[Round "5"]
[White "Finegold,B"]
[Black "Seirawan,Y"]
[Result "0-1"]
[WhiteElo "2500"]
[BlackElo "2636"]

1.e4 c6 2.d4 d5 3.Nc3 dxe4 4.Nxe4 Nd7 5.Nf3 Ngf6 6.Nxf6+ Nxf6 7.Bc4 Bf5 8.O-O e6
9.c3 Bd6 10.Bg5 h6 11.Bh4 Qc7 12.Bg3 Bxg3 13.hxg3 Bg4 14.Qd3 Bxf3 15.Qxf3 Qa5
16.Rfe1 O-O 17.Re5 Qd8 18.Rae1 g6 19.g4 Kg7 20.Qe2 Rc8 21.Rd1 Rh8 22.Qf3 h5
23.gxh5 Rxh5 24.Rde1 Qh8 25.Rxh5 Qxh5 26.Qxh5 Nxh5 27.g3 Nf6 28.Bf1 c5 29.dxc5 Rxc5
30.Bg2 b6 31.Rd1 Rc8 32.Kf1 Kf8 33.Ke2 Ke7 34.Rd4 Ne8 35.Ra4 a5 36.Be4 Nd6
37.Bd3 Nb7 38.Rc4 Rxc4 39.Bxc4 Nd6 40.Bd3 e5 41.Ke3 f5 42.f4 Ke6 43.fxe5 Kxe5
44.Kf3 g5 45.Ke3 Ne8 46.b4 Nf6 47.a3 Nd5+ 48.Kd2 f4 49.gxf4+ Nxf4 50.c4 Nxd3
51.Kxd3 a4 52.Ke3 g4  0-1

[Event "ch-USA GpB"]
[Site "Saint Louis USA"]
[Date "2011.04.21"]
[Round "7"]
[White "Hess,Ro"]
[Black "Seirawan,Y"]
[Result "1/2-1/2"]
[WhiteElo "2565"]
[BlackElo "2636"]

1.e4 c6 2.d4 d5 3.exd5 cxd5 4.c4 Nf6 5.Nc3 g6 6.Qb3 Bg7 7.cxd5 O-O 8.Be2 Nbd7
9.Bf3 Nb6 10.Nge2 Bg4 11.Bxg4 Nxg4 12.a4 Nf6 13.Nf4 Qd7 14.a5 Nc8 15.O-O Nd6
16.Re1 Nf5 17.Nd3 Rad8 18.Ne5 Qd6 19.a6 bxa6 20.Qb7 Nxd5 21.Rxa6 Qb4 22.Rxa7 Nxd4
23.Nd7 Nc2 24.Rf1 Nxc3 25.bxc3 Qxb7 26.Rxb7 Rfe8 27.Bb2 Bh6 28.g3 Ra8 29.c4 Ra4
30.c5 Rc4 31.Rd1 Bg7 32.Bxg7 Kxg7 33.Rc1 Ne3 34.Rxc4 Nxc4 35.Nb6 Nxb6 36.cxb6 Kf6
37.Rc7 Ke6 38.Rc3 Rb8 39.Rb3 Kd6 40.g4 Kc6 41.Rh3 Rh8 42.Rf3 Rf8 43.Rh3 Rh8
44.Rf3 f6 45.Re3 Re8 46.Rh3 Rh8 47.Re3 Kd6 48.Rd3+ Kc6 49.Re3 Re8 50.Rh3 Rh8  1/2-1/2

[Event "8th World Teams"]
[Site "Ningbo CHN"]
[Date "2011.07.19"]
[Round "3"]
[White "El Gindy,E"]
[Black "Seirawan,Y"]
[Result "0-1"]
[WhiteElo "2510"]
[BlackElo "2635"]

1.d4 Nf6 2.c4 e6 3.Nf3 d5 4.Nc3 Nbd7 5.Bg5 Be7 6.e3 O-O 7.Rc1 a6 8.c5 c6
9.Bd3 e5 10.dxe5 Ne8 11.Bxe7 Qxe7 12.Qc2 h6 13.O-O Nxe5 14.Nxe5 Qxe5 15.Ne2 Nf6
16.Qc3 Qc7 17.Qd4 Bg4 18.Ng3 Rae8 19.f3 Bc8 20.Rfe1 Re5 21.Re2 Rfe8 22.Rce1 Nh5
23.Nf1 Bf5 24.Bxf5 Rxf5 25.g4 Rg5 26.Rg2 Nf6 27.Ng3 Rge5 28.Nf5 R8e6 29.b4 Ne8
30.a3 Qd8 31.Qd3 Qf6 32.Nd4 Re7 33.Nf5 R7e6 34.Nd4 Re7 35.Nf5 Rd7 36.Qd4 h5
37.h3 g6 38.f4 Re6 39.Qxf6 Nxf6 40.Nd4 Re4 41.g5 Ne8 42.f5 Rde7 43.Kf2 R7e5
44.f6 Nc7 45.Rg3 Kf8 46.Reg1 Ke8 47.Nb3 Kd7 48.Nd2 Rf5+ 49.Rf3 Rxf3+ 50.Kxf3 Re8
51.h4 Nb5 52.a4 Nc3 53.a5 Re5 54.Rc1 Ne4 55.Rc2 Rf5+ 56.Ke2 Rf2+ 57.Kd1 Ng3
58.Rc3 Ke6 59.Rd3 Ke5 60.Rd4 Nf5 61.Ke1 Rg2 62.Nf3+ Ke6 63.Rd3 Rg4 64.Nd2 Nxh4
65.e4 Rxg5 66.exd5+ Rxd5  0-1

[Event "8th World Teams"]
[Site "Ningbo CHN"]
[Date "2011.07.20"]
[Round "4"]
[White "Yu Yangyi"]
[Black "Seirawan,Y"]
[Result "1-0"]
[WhiteElo "2672"]
[BlackElo "2635"]

1.e4 c6 2.d4 d5 3.e5 Bf5 4.Be3 e6 5.Nd2 Ne7 6.Ngf3 Bg6 7.Nh4 Nf5 8.Nxf5 Bxf5
9.Be2 c5 10.dxc5 d4 11.Bf4 Bxc5 12.O-O Nc6 13.Bd3 O-O 14.a3 Qd5 15.Re1 Rfe8
16.Bc4 Qd8 17.Ne4 Bf8 18.Qf3 a5 19.b3 Qb6 20.h4 Bxe4 21.Rxe4 g6 22.h5 Bg7
23.hxg6 hxg6 24.Rae1 Qc5 25.a4 Rad8 26.Qh3 d3 27.Bxd3 Rd4 28.Qe3 Red8 29.Rxd4 Rxd4
30.Be4 Nxe5 31.c3 Ng4 32.cxd4 Bxd4 33.Qc1 Bxf2+ 34.Kf1 Qh5 35.Rd1 Bb6 36.Bf3 Qh4
37.Qd2 e5 38.Bxg4 Qh1+ 39.Ke2 Qxg2+ 40.Kd3 Qxg4 41.Be3 Qf5+ 42.Kc3 Qf3 43.Re1 Bd4+
44.Kc2 Qc6+ 45.Kb1 Bc3 46.Qd8+ Kg7 47.Bd2 Bd4 48.Qxa5 g5 49.Qb5 Qxb5 50.axb5 Kg6
51.Kc2 f5 52.Kd3 g4 53.Be3 Bb2 54.Re2 e4+ 55.Kc4 Bf6 56.Kd5 Bg5 57.Ke5 Bxe3
58.Rxe3 Kg5 59.b6 f4 60.Rxe4 f3 61.Rf4  1-0

[Event "8th World Teams"]
[Site "Ningbo CHN"]
[Date "2011.07.26"]
[Round "9"]
[White "Smirin,I"]
[Black "Seirawan,Y"]
[Result "1/2-1/2"]
[WhiteElo "2676"]
[BlackElo "2635"]

1.e4 c6 2.d4 d5 3.e5 Bf5 4.Nf3 e6 5.Be2 Ne7 6.O-O c5 7.dxc5 Nec6 8.Be3 Nd7
9.c4 dxc4 10.Nbd2 c3 11.bxc3 Bxc5 12.Nd4 O-O 13.Nc4 Be4 14.Nd6 Nxd4 15.Bxd4 Bc6
16.Qd2 Qe7 17.Bxc5 Nxc5 18.Qe3 b6 19.f4 f6 20.Rad1 fxe5 21.Qxe5 Qf6 22.Nc4 Rad8
23.Rxd8 Qxd8 24.Rd1 Qf6 25.g3 Qg6 26.Qe3 Qe4 27.Qxe4 Nxe4 28.Bg4 Bd5 29.Ne3 Nxc3
30.Rd3 Nxa2 31.Nxd5 exd5 32.Ra3 Nb4 33.Be6+ Kh8 34.Rxa7 Rd8 35.Rb7 d4 36.Rxb6 d3
37.Rxb4 d2 38.Bg4 d1=Q+ 39.Bxd1 Rxd1+ 40.Kf2 h5 41.Rb5 Rd2+ 42.Kg1 g6 43.f5 Kg7
44.Rb7+ Kf6 45.fxg6 Ke5  1/2-1/2

[Event "15th HZ Open"]
[Site "Vlissingen NED"]
[Date "2011.07.30"]
[Round "1.2"]
[White "Westerman,H"]
[Black "Seirawan,Y"]
[Result "0-1"]
[WhiteElo "1925"]
[BlackElo "2635"]

1.c4 e5 2.g3 Nc6 3.Bg2 g6 4.Nc3 Bg7 5.e4 Nd4 6.Nge2 Nxe2 7.Qxe2 Ne7 8.d3 Nc6
9.Be3 Nd4 10.Qd2 d6 11.h3 c6 12.Ne2 h5 13.Rc1 Be6 14.Nxd4 exd4 15.Bf4 Be5
16.a3 h4 17.g4 f6 18.Bxe5 fxe5 19.f4 exf4 20.Qxf4 Qa5+ 21.Qd2 Qxd2+ 22.Kxd2 Rf8
23.Rhf1 Ke7 24.Ke2 g5 25.Rxf8 Rxf8 26.Rf1 Rb8 27.Rc1 a5 28.a4 b5 29.axb5 cxb5
30.c5 Rc8 31.c6 Kf6 32.c7 Ke5 33.Bf3 a4 34.Kf2 b4 35.Bd1 a3 36.bxa3 bxa3
37.Ke1  0-1

[Event "15th HZ Open"]
[Site "Vlissingen NED"]
[Date "2011.07.31"]
[Round "2"]
[White "Seirawan,Y"]
[Black "Grochal,J"]
[Result "1-0"]
[WhiteElo "2635"]
[BlackElo "2147"]

1.c4 e6 2.Nf3 d5 3.b3 Nf6 4.g3 Be7 5.Bg2 c5 6.O-O Nc6 7.e3 b6 8.Bb2 O-O 9.Nc3 Bb7
10.cxd5 Nxd5 11.Nxd5 Qxd5 12.Ne5 Qd6 13.d4 cxd4 14.exd4 Rab8 15.Rc1 Nb4 16.Ba3 Bxg2
17.Kxg2 Rbc8 18.Bxb4 Qxb4 19.Rxc8 Rxc8 20.Qf3 Rf8 21.Rd1 Qd6 22.Nc6 Bf6 23.Nxa7 Qa3
24.Nc6 Qxa2 25.d5 exd5 26.Rxd5 h6 27.Rd7 Qa8 28.Qd5 Rc8 29.Qxf7+ Kh8 30.Rc7 Rxc7
31.Qxc7 Qa6 32.Nb4 Qa3 33.Qc8+ Kh7 34.Qc2+ Kh8 35.Nd5 Qd6 36.Qc8+ Bd8 37.Nf4 g5
38.Ne6 Qd5+ 39.f3  1-0

[Event "15th HZ Open"]
[Site "Vlissingen NED"]
[Date "2011.07.31"]
[Round "3"]
[White "Fernandez,Dan SIN"]
[Black "Seirawan,Y"]
[Result "1/2-1/2"]
[WhiteElo "2328"]
[BlackElo "2635"]

1.e4 c6 2.d4 d5 3.Nc3 dxe4 4.Nxe4 Nd7 5.Qe2 Ndf6 6.c3 Nxe4 7.Qxe4 Nf6 8.Qc2 Bg4
9.Bd3 Bh5 10.Ne2 Bg6 11.Bg5 e6 12.Bxg6 hxg6 13.O-O-O Qd5 14.Bxf6 gxf6 15.Kb1 Qxg2
16.Ng3 O-O-O 17.c4 f5 18.d5 Bc5 19.dxe6 fxe6 20.Qe2 Qxf2 21.Qxe6+ Kc7 22.Qe5+ Kb6
23.Qc3 a5 24.a3 Rxd1+ 25.Rxd1 Rxh2 26.Rd7 Ka6 27.Rd8 b6 28.Ra8+ Kb7 29.Rd8 Ka6
30.Ra8+ Kb7 31.Rd8 Ka6 32.Ra8+ Kb7 33.Rd8 Ka6  1/2-1/2

[Event "15th HZ Open"]
[Site "Vlissingen NED"]
[Date "2011.08.01"]
[Round "4"]
[White "Seirawan,Y"]
[Black "Stefan,Romulus-Cristian"]
[Result "1-0"]
[WhiteElo "2635"]
[BlackElo "2172"]

1.c4 f5 2.g3 Nf6 3.Bg2 g6 4.Nc3 Bg7 5.d4 d6 6.e3 O-O 7.Nge2 c6 8.O-O e5 9.b3 Na6
10.d5 c5 11.e4 fxe4 12.Bg5 h6 13.Bxf6 Qxf6 14.Nxe4 Qe7 15.N2c3 b6 16.h4 Nc7
17.Kh2 Rb8 18.h5 g5 19.Bh3 Bxh3 20.Kxh3 Rf7 21.Qg4 Rbf8 22.f3 Kh8 23.Kg2 Ne8
24.a3 Nf6 25.Nxf6 Rxf6 26.Ne4 Rf5 27.b4 R8f7 28.b5 Bf8 29.a4 a5 30.bxa6 Qa7
31.a5 Qxa6 32.axb6  1-0

[Event "15th HZ Open"]
[Site "Vlissingen NED"]
[Date "2011.08.02"]
[Round "5"]
[White "Poetsch,H"]
[Black "Seirawan,Y"]
[Result "0-1"]
[WhiteElo "2403"]
[BlackElo "2635"]

1.e4 c6 2.d4 d5 3.e5 Bf5 4.Nf3 e6 5.Be2 Ne7 6.O-O Nd7 7.Nh4 c5 8.Bg5 Be4
9.Nc3 cxd4 10.Nxe4 dxe4 11.Qxd4 Nc6 12.Qe3 Bc5 13.Qf4 Qc7 14.Qxe4 h6 15.Be3 Qxe5
16.Qxe5 Ncxe5 17.Bxc5 Nxc5 18.Nf3 Nxf3+ 19.Bxf3 O-O-O 20.Rfd1 Na4 21.Rab1 Kc7
22.Kf1 b5 23.c3 Kb6 24.Ke1 a5 25.Rd2 Rxd2 26.Kxd2 Rd8+ 27.Kc2 g6 28.g3 Nc5
29.a3 a4 30.Re1 Nb3 31.Re2 Rd6 32.Bg2 e5 33.f4 exf4 34.gxf4 Rf6 35.Rf2 Kc5
36.Bf1 Re6 37.Be2 f5 38.Rg2 Re4 39.Kd1 Re6 40.Kc2 Na5 41.Bd3 Nc4 42.Rg3 Ne3+
43.Kd2 Nd5 44.Rf3 Re7 45.Bb1 Nb6 46.Bd3 Nc4+ 47.Kc2 Re3 48.Rg3 Rxg3 49.hxg3 h5
50.Bxc4 Kxc4 51.Kd2 Kc5 52.Ke3 Kd5 53.Kd3 Ke6 54.Ke3 Kf6 55.Kf2 g5 56.fxg5+ Kxg5
57.Kf3 f4 58.gxf4+ Kf5  0-1

[Event "15th HZ Open"]
[Site "Vlissingen NED"]
[Date "2011.08.04"]
[Round "7"]
[White "Seirawan,Y"]
[Black "Postny,E"]
[Result "1/2-1/2"]
[WhiteElo "2635"]
[BlackElo "2618"]

1.d4 d5 2.c4 c6 3.e3 Nf6 4.Nf3 a6 5.Bd3 Bg4 6.Qb3 Bxf3 7.gxf3 Qc7 8.Nc3 e6
9.Bd2 Be7 10.Rc1 dxc4 11.Bxc4 O-O 12.O-O Nbd7 13.Rfd1 e5 14.dxe5 Nxe5 15.Be2 Rad8
16.Be1 Qc8 17.Rxd8 Bxd8 18.f4 Ng6 19.Qd1 Nh4 20.Bf1 Bb6 21.Ne2 Rd8 22.Qb3 Bc7
23.Ng3 h5 24.h3 Nf3+ 25.Kg2 Nxe1+ 26.Rxe1 h4 27.Ne2 Ne4 28.Rd1 Rxd1 29.Qxd1 Qxh3+
30.Kxh3 Nxf2+ 31.Kxh4 Nxd1 32.e4 Nxb2 33.e5 c5 34.Kg4 Nc4 35.Bh3 Nd2 36.Bg2 b5
37.Nc3 b4 38.Ne4 Nxe4 39.Bxe4 c4 40.Bd5 c3 41.Bb3 Kf8 42.Kf5 Ke7 43.Ke4 g6
44.Bc2 Bb6 45.Bb3 Bg1 46.Bc2 Bh2 47.Bb3 Kd7 48.f5 g5 49.e6+ fxe6 50.fxe6+ Ke7
51.Kf5 Bf4 52.Bc2 Bd2 53.Bb3 Bc1 54.Bc2 Be3 55.Bb3 a5 56.Bc2 Bc1 57.Ba4 Bd2
58.Bb3 Bf4 59.Ba4 Be3 60.Bb3 Bf4 61.Ba4 Bd6 62.Bb3 Kd8 63.Kxg5 Kc7 64.Ba4 Kb6
65.Kf5 Kc5 66.Ke4 Kc4 67.Ke3 Be7 68.Ke2 Bg5 69.Kd1 Kd3 70.Bb5+ Kd4 71.Kc2 Kd5
72.Bd7 Kc4 73.Ba4 Be7 74.Bd7  1/2-1/2

[Event "15th HZ Open"]
[Site "Vlissingen NED"]
[Date "2011.08.05"]
[Round "8"]
[White "Dahm,J"]
[Black "Seirawan,Y"]
[Result "0-1"]
[WhiteElo "2345"]
[BlackElo "2635"]

1.e4 c5 2.c3 e6 3.d4 d5 4.e5 Bd7 5.Nf3 Qb6 6.a3 c4 7.Nbd2 Nc6 8.b4 a5 9.Bb2 f6
10.Be2 fxe5 11.Nxe5 Nxe5 12.dxe5 Nh6 13.Nf3 Nf7 14.O-O g6 15.Re1 Bg7 16.Bf1 O-O
17.Qd2 Qc7 18.Qd4 Nh6 19.Rad1 Rxf3 20.gxf3 Nf5 21.Qc5 Qd8 22.Rxd5 exd5 23.Qxd5+ Kh8
24.Bc1 Bc6 25.Qxd8+ Rxd8 26.Bg5 Re8 27.Bxc4 h6 28.Bf7 Rf8  0-1

[Event "15th HZ Open"]
[Site "Vlissingen NED"]
[Date "2011.08.06"]
[Round "9"]
[White "Seirawan,Y"]
[Black "Sveshnikov,E"]
[Result "1-0"]
[WhiteElo "2635"]
[BlackElo "2514"]

1.c4 e6 2.Nf3 d5 3.b3 Nf6 4.g3 b6 5.Bg2 Bb7 6.O-O Bd6 7.Nc3 O-O 8.Bb2 a6
9.e3 Nbd7 10.Qe2 Re8 11.Rac1 dxc4 12.bxc4 e5 13.d3 Nc5 14.Rfd1 Qe7 15.e4 Qd7
16.Nd5 Nxd5 17.cxd5 c6 18.Nxe5 Bxe5 19.Bxe5 cxd5 20.Qb2 dxe4 21.dxe4 Qb5
22.Bxg7 Bxe4 23.Qa1 Bxg2 24.Bh6 Ne6 25.Rd6 Ra7 26.Kxg2 Qh5 27.Qf6 Rb7 28.Be3 b5
29.Rxa6 b4 30.Rd6 b3 31.Rb1 Rb5 32.Rxb3 Rf5 33.Qa1 Qf3+ 34.Kg1 Ng5 35.Qf1 Ne4
36.Rd4 Ra5 37.Bf4 Qh5 38.Re3 f5 39.Rd7 Rc8 40.Qb1 Qg6 41.Qb3+ Kh8 42.Rxe4 fxe4
43.Be3  1-0

[Event "TCh-NED Meesterklasse 2011-12"]
[Site "Netherlands NED"]
[Date "2011.10.29"]
[Round "2.1"]
[White "Seirawan,Y"]
[Black "Smerdon,D"]
[Result "1/2-1/2"]
[WhiteElo "2652"]
[BlackElo "2513"]

1.c4 e6 2.Nf3 d5 3.b3 Be7 4.Bb2 Bf6 5.Nc3 Ne7 6.g3 e5 7.d4 exd4 8.Nxd5 Nxd5
9.cxd5 c5 10.dxc6 Nxc6 11.Bg2 O-O 12.O-O Bf5 13.Qd2 Qb6 14.Rfd1 Rad8 15.Rac1 Rfe8
16.Rc4 Be6 17.Ra4 Bd5 18.Bxd4 Bxf3 19.Bxb6 Rxd2 20.Rxd2 Bxg2 21.Kxg2 axb6
22.Rc4 Kf8 23.e3 Ra8 24.f4 b5 25.Rc5 Ra5 26.Rd7 Rxa2+ 27.Kf3 Nd8 28.Rc8 Rb2
29.Rdxd8+ Bxd8 30.Rxd8+ Ke7 31.Rb8 Rxb3 32.Rxb7+ Ke6 33.g4 h6 34.h4 b4 35.f5+ Kf6
36.Kf4 g5+ 37.fxg6 Kxg6 38.e4 Rb1 39.e5 Rf1+ 40.Ke4 Re1+ 41.Kf4 Rf1+ 42.Ke4 Re1+
43.Kf4  1/2-1/2

[Event "TCh-NED Meesterklasse 2011-12"]
[Site "Netherlands NED"]
[Date "2011.11.26"]
[Round "3.2"]
[White "Pruijssers,R"]
[Black "Seirawan,Y"]
[Result "1-0"]
[WhiteElo "2475"]
[BlackElo "2652"]

1.e4 c6 2.d4 d5 3.e5 Bf5 4.Nf3 e6 5.Be2 Ne7 6.Nbd2 Nd7 7.O-O Nc8 8.Nb3 Be7
9.Be3 O-O 10.c3 Ncb6 11.Na5 Qc7 12.b4 f6 13.exf6 Nxf6 14.Ne5 Ne4 15.Qe1 Na4
16.c4 Bd6 17.Bf4 g5 18.c5 gxf4 19.cxd6 Nxd6 20.Qd2 Bg6 21.Nxg6 hxg6 22.Qc2 Nf5
23.Qxa4 Nxd4 24.Qd1 Nxe2+ 25.Qxe2 e5 26.Qg4 Kg7 27.Rac1 Rf5 28.Rc3 Rh8 29.Rfc1 Qf7
30.Nxb7 Rfh5 31.h3 Rh4 32.Nd6  1-0

[Event "TCh-NED Meesterklasse 2011-12"]
[Site "Netherlands NED"]
[Date "2011.12.17"]
[Round "4.2"]
[White "Seirawan,Y"]
[Black "Brandenburg,D"]
[Result "1/2-1/2"]
[WhiteElo "2652"]
[BlackElo "2522"]

1.c4 e6 2.Nf3 d5 3.b3 c5 4.g3 Nf6 5.Bg2 Be7 6.O-O Nc6 7.e3 O-O 8.Bb2 b6 9.Qe2 Bb7
10.Rd1 Qc7 11.Nc3 dxc4 12.Nb5 Qb8 13.bxc4 a6 14.Nc3 Qc7 15.Rab1 Rab8 16.Ba1 Rfd8
17.d3 Ba8 18.Ne1 Na5 19.Bxa8 Rxa8 20.f4 Rab8 21.g4 Ne8 22.g5 Nd6 23.a4 Nc6
24.Nf3 Nb4 25.Ne5 f6 26.gxf6 Bxf6 27.Ng4 Qf7 28.Nxf6+ gxf6 29.Kf2 Kf8 30.Rg1 Ke7
31.e4 Rg8 32.Rg3 h5 33.Rbg1 Rxg3 34.hxg3 Rg8 35.Qf3 Qg6 36.Ne2 Rd8 37.Nc1 Qe8
38.Bxf6+ Kxf6 39.e5+ Ke7 40.exd6+ Rxd6 41.Qb7+ Qd7 42.Qxd7+ Rxd7 43.Ke2 Kf6
44.Rh1  1/2-1/2

[Event "TCh-NED Meesterklasse 2011-12"]
[Site "Netherlands NED"]
[Date "2012.01.07"]
[Round "5.3"]
[White "Seirawan,Y"]
[Black "Besseling,M"]
[Result "1-0"]
[WhiteElo "2652"]
[BlackElo "2203"]

1.d4 d5 2.c4 c6 3.Nf3 Nf6 4.e3 g6 5.Nc3 Bg7 6.Bd3 O-O 7.O-O Bg4 8.h3 Bxf3
9.Qxf3 dxc4 10.Bxc4 Nbd7 11.Rd1 Qc7 12.e4 e5 13.d5 Nb6 14.d6 Qb8 15.Bb3 Rd8
16.g4 Rxd6 17.g5 Rxd1+ 18.Nxd1 Nfd7 19.Qxf7+ Kh8 20.Be3 Qf8 21.Qxf8+ Bxf8
22.Rc1 Rd8 23.f3 h5 24.Kf1 Bd6 25.Nf2 Nc8 26.Nd3 Kg7 27.Ke2 Ne7 28.a3 b6
29.Ba4 c5 30.b4 cxb4 31.axb4 a5 32.bxa5 bxa5 33.Bd2 Nf8 34.Bxa5 Ra8 35.Bc7 Rxa4
36.Bxd6 Ra7 37.Nxe5 Ne6 38.h4 Nf4+ 39.Ke3 Ng2+ 40.Kf2 Nxh4 41.Bxe7 Rxe7 42.Rc5  1-0

[Event "TCh-NED Meesterklasse 2011-12"]
[Site "Netherlands NED"]
[Date "2012.02.11"]
[Round "6.2"]
[White "Seirawan,Y"]
[Black "Bosman,M"]
[Result "1/2-1/2"]
[WhiteElo "2652"]
[BlackElo "2342"]

1.d4 e6 2.c4 Bb4+ 3.Bd2 a5 4.a3 Bxd2+ 5.Qxd2 d6 6.Nf3 Nc6 7.Nc3 Nf6 8.g3 O-O
9.Rd1 Bd7 10.Bg2 e5 11.dxe5 dxe5 12.O-O Re8 13.Nd5 Bg4 14.Qc3 Bxf3 15.Qxf3 Nxd5
16.Rxd5 Qc8 17.e3 Qe6 18.Rfd1 Rad8 19.R1d2 Rxd5 20.cxd5 Qd6 21.Qe2 Na7 22.Rc2 g6
23.Qc4 Re7 24.e4 Qb6 25.Bh3 Nb5 26.Qb3 Nd6 27.Qxb6 cxb6 28.f3 f5 29.exf5 gxf5
30.Kf2 e4 31.Ke3 Kf7 32.g4 exf3+ 33.Kxf3 fxg4+ 34.Bxg4 Re5 35.Be6+ Kf6 36.Rc7 Rh5
37.h3 Ke5 38.Re7 Kf6 39.Rd7 Ke5 40.Kg4 Rh6 41.h4 Ne4 42.Rxb7 Nf6+ 43.Kh3 Nxd5
44.Bxd5  1/2-1/2

[Event "TCh-NED Meesterklasse 2011-12"]
[Site "Netherlands NED"]
[Date "2012.03.31"]
[Round "8.1"]
[White "Bitalzadeh,A"]
[Black "Seirawan,Y"]
[Result "0-1"]
[WhiteElo "2409"]
[BlackElo "2652"]

1.c4 e5 2.g3 Nc6 3.Bg2 g6 4.Nc3 Bg7 5.d3 Nge7 6.e4 Nd4 7.Nge2 Nxe2 8.Qxe2 O-O
9.h4 h5 10.g4 hxg4 11.h5 d6 12.f3 Nc6 13.Be3 Nd4 14.Qf2 c6 15.O-O-O f5 16.hxg6 f4
17.Bxd4 exd4 18.Ne2 g3 19.Qg1 b5 20.Bh3 bxc4 21.dxc4 Qa5 22.Kb1 Rb8 23.Rd3 Qg5
24.Bxc8 Rfxc8 25.Qg2 Be5 26.Rh7 Qxg6 27.Rh4 Qf7 28.Qh3 Qxc4 29.Rg4+ Kf8 30.Qh6+ Ke8
31.Nxf4 Rxb2+ 32.Kxb2 Rb8+ 33.Rb3 d3+  0-1

[Event "ch-USA 2012"]
[Site "Saint Louis USA"]
[Date "2012.05.09"]
[Round "2"]
[White "Seirawan,Y"]
[Black "Hess,Ro"]
[Result "0-1"]
[WhiteElo "2643"]
[BlackElo "2635"]

1.d4 Nf6 2.c4 e6 3.Nc3 Bb4 4.Qc2 O-O 5.a3 Bxc3+ 6.Qxc3 b6 7.Bg5 Bb7 8.f3 c5
9.dxc5 bxc5 10.e3 d6 11.O-O-O a5 12.Bxf6 gxf6 13.Ne2 Ra6 14.Nf4 Nd7 15.Nh5 Kh8
16.Be2 Rg8 17.g4 a4 18.Rd2 Rxg4 19.fxg4 Bxh1 20.g5 Be4 21.Bd3 Bxd3 22.Rxd3 e5
23.gxf6 Qg8 24.Qd2 Nb6 25.Qe2 Nd7 26.Qf3 Rb6 27.e4 Qg1+ 28.Rd1 Qxh2 29.Rd2 Qg1+
30.Rd1 Qg5+ 31.Kc2 Rb3 32.Rd3 Rxd3 33.Kxd3 h6 34.Qf5 Nb6 35.Qxg5 hxg5 36.Ng3 Kh7
37.Nf5 Kg6 38.Nxd6 g4 39.Nb7 Nxc4 40.Nxc5 Nxb2+ 41.Ke2 Kxf6 42.Kf2 Kg6 43.Kg2 Kh5
44.Nd7 Nd3 45.Nb6 Nc5 46.Nc4 Nxe4 47.Nxe5 f5  0-1

[Event "ch-USA 2012"]
[Site "Saint Louis USA"]
[Date "2012.05.11"]
[Round "4"]
[White "Seirawan,Y"]
[Black "Ramirez,Alej"]
[Result "1-0"]
[WhiteElo "2643"]
[BlackElo "2593"]

1.d4 d5 2.c4 c6 3.e3 Nf6 4.Nf3 e6 5.Bd3 dxc4 6.Bxc4 a6 7.O-O b5 8.Be2 Bb7
9.b3 Nbd7 10.Bb2 Be7 11.a4 b4 12.Ne5 O-O 13.Bf3 Nd5 14.Nxd7 Qxd7 15.Nd2 c5
16.dxc5 Bxc5 17.Nc4 Rad8 18.Qc2 Be7 19.Rfd1 Qc8 20.Rac1 Nf6 21.Bxb7 Qxb7
22.Na5 Qe4 23.Rd4 Qxc2 24.Rxc2 Rxd4 25.Bxd4 Ra8 26.Nc6 Bf8 27.Bxf6 gxf6 28.a5 Bd6
29.Kf1 Kf8 30.Ke2 Ke8 31.Rc4 Rc8 32.Kd3 Kd7 33.Nxb4 Rb8 34.Kc3 Rb5 35.Nxa6 Rxa5
36.Nb4 Rg5 37.g3 Rh5 38.h4 Ra5 39.Nd3 Ra2 40.Ra4 Re2 41.b4 e5 42.b5 f5 43.Ra7+ Ke8
44.b6 e4 45.Nf4 Rxf2 46.Ra5 Rf1 47.Rb5 Rc1+ 48.Kd4 Rd1+ 49.Kc4 Rc1+ 50.Kd5 Kd7
51.b7 Bb8 52.Kd4 Rd1+ 53.Kc3 Ke7 54.Rxf5 Rb1 55.Kd4 Rb4+ 56.Kd5 Rxb7 57.Kxe4 Kf8
58.Kf3 Rb1 59.Rh5 Kg7 60.Rg5+ Kf8 61.Nh5 h6 62.Rc5 Ke7 63.Ng7 Kf6 64.Nf5 Ba7
65.Ra5 Bb6 66.Rd5 Ke6 67.e4 Bc7 68.Rc5 Rb3+ 69.Kg4 Kd7 70.Rd5+ Ke8 71.e5 Rb6
72.Kh5 Rg6 73.g4 Rc6 74.Rb5 Kf8 75.Nxh6 Re6 76.g5 Rxe5 77.Rb7 Rc5 78.Ra7 Kg7
79.Ra8 f6 80.Rg8+ Kh7 81.Rf8 fxg5 82.Rf7+ Kh8 83.hxg5 Ba5 84.Rd7 Bc3 85.Kg6 Rc6+
86.Kf7 Be5 87.Ng4 Bc3 88.Nf6 Bxf6 89.gxf6 Kh7 90.Ke7 Rc8 91.Rd8 Rc7+ 92.Kd6 Rf7
93.Ke6  1-0